| 000 | 00783nmm a2200265 a 4500 | ||
|---|---|---|---|
| 003 | AR-BaBNM | ||
| 005 | 20251128211653.0 | ||
| 008 | 065020s2004 ||||||||||||||000 | spa|| | ||
| 020 | _a987-21092-1-4 | ||
| 040 | _cAR-BaBNM | ||
| 245 | 1 | 0 |
_aBuenos Aires, el libro del barrio _bteorĂas y definiciones |
| 260 |
_aBuenos Aires _bGobierno de la Ciudad de Buenos Aires _c2004 |
||
| 300 | 0 |
_a173 p. _bil. |
|
| 650 | 4 | _aHISTORIA ARGENTINA | |
| 650 | 4 | _aBARRIOS | |
| 650 | 4 | _aHISTORIA DE BUENOS AIRES | |
| 650 | 4 | _aURBANISMO | |
| 650 | 4 | _aPLANIFICACION URBANA | |
| 651 | 4 | _aBuenos Aires [Capital Federal] | |
| 700 | 1 |
_aBarela, Liliana Graciela _edirector |
|
| 700 | 1 |
_aSabugo, Mario _edirector |
|
| 700 | 1 |
_aSpinetto, Horacio J. _eilustrador |
|
| 942 | _cBK | ||
| 998 | _cmariana | ||
| 999 |
_c20642 _d20642 |
||